Dialogue Between Men of Living Faiths. (Record no. 8973)
[ view plain ]
| 000 -LEADER | |
|---|---|
| fixed length control field | 00699nam a2200253 a 4500 |
| 020 ## - INTERNATIONAL STANDARD BOOK NUMBER | |
| ISBN | |
| 082 00 - DEWEY DECIMAL CLASSIFICATION NUMBER | |
| Classification number | 291.172 |
| Author Cutter | SAM2 |
| 100 ## - MAIN ENTRY--AUTHOR NAME | |
| Author name | Samartha, S J |
| 245 ## - TITLE STATEMENT | |
| Title | Dialogue Between Men of Living Faiths. |
| 260 ## - PUBLICATION, DISTRIBUTION, ETC. (IMPRINT) | |
| Place of publication | Switzerland |
| Name of publisher | World Council of Churches |
| Year of publication | 1971 |
| 300 ## - PHYSICAL DESCRIPTION | |
| Number of Pages | 127p |
| 500 ## - GENERAL NOTE | |
| General note | includes index and biblioraphy |
| 505 2# - FORMATTED CONTENTS NOTE | |
| Formatted contents note | papers presented a consultation held at ajaltoun, lebnaon 1970 |
| 650 ## - SUBJECT ADDED ENTRY--TOPICAL TERM | |
| Topical Term | Interfaith Dialogue |
| 650 ## - SUBJECT ADDED ENTRY--TOPICAL TERM | |
| Topical Term | World Council of Churches |
| 942 ## - ADDED ENTRY ELEMENTS (KOHA) | |
| Koha item type | Books |
| 700 1# - | |
| -- | Samartha, S J |
| Home library | Current library | Date acquired | Cost, normal purchase price | Full call number | Accession Number | Koha item type |
|---|---|---|---|---|---|---|
| Henry Martyn Institute Library | Henry Martyn Institute Library | 02/28/2012 | 4.95 | 291.172 SAM2 | 014087 | E-Books |
